Las inversiones y su tratamiento contable
Guardat en:
| Autor principal: | |
|---|---|
| Format: | Llibre |
| Idioma: | espanyol |
| Publicat: |
Santiago
Jurídica ConoSur
2001
|
| Edició: | 2a. ed |
| Matèries: | |
| Etiquetes: |
Afegir etiqueta
Sense etiquetes, Sigues el primer a etiquetar aquest registre!
|
MARC
| LEADER | 00000nam a2200000 a 4500 | ||
|---|---|---|---|
| 001 | UCN6472 | ||
| 003 | CL-VaPUC | ||
| 008 | 010928e20010700CL |||||||||||||||||spa|d | ||
| 082 | 0 | 4 | |a 332.6 |b GAR |2 21 |
| 100 | |a García Castañeda, María Teresa |e autora |9 477049 | ||
| 245 | 1 | 4 | |a Las inversiones y su tratamiento contable |
| 250 | |a 2a. ed | ||
| 300 | |a 636 p | ||
| 942 | |c BK | ||
| 945 | |d 20010928 00:00:00 |a vberengu | ||
| 260 | |a Santiago |b Jurídica ConoSur |c 2001 | ||
| 650 | 0 | |a Inversiones |9 345867 | |
| 650 | 0 | |a Mercado de valores |9 378123 | |
| 650 | 0 | |a Sociedades anónimas |9 255387 | |
| 650 | 0 | |a Asociaciones |9 257659 | |
| 650 | 7 | |a ESTADOS FINANCIEROS |2 CL-VaPUC |9 462113 | |
| 650 | 0 | |a Mercado de capitales |9 330596 | |
| 650 | 0 | |a Inversiones extranjeras |9 255451 | |
| 583 | |a last modification |c 20160311 00:03:08 |k Rodrigo Vera | ||
| 999 | |c 297225 |d 297223 | ||
| 952 | |0 0 |1 0 |4 0 |6 332_600000000000000_GAR_2001 |7 0 |8 R |9 351751 |a BIBGIM |b BIBGIM |d 2019-11-21 |i 3754685 |o 332.6 GAR 2001 |p 3754685 |r 2025-01-15 |w 2019-11-21 |y BK_R |k COM | ||
| 952 | |0 0 |1 0 |4 0 |6 332_600000000000000_GAR_2001 |7 0 |8 R |9 351752 |a BIBGIM |b BIBGIM |d 2019-11-21 |i 3754707 |o 332.6 GAR 2001 |p 3754707 |r 2025-01-15 |w 2019-11-21 |y BK_R |k COM | ||
| 952 | |0 0 |1 0 |4 0 |6 332_600000000000000_GAR_2001 |7 0 |8 R |9 351753 |a BIBGIM |b BIBGIM |d 2019-11-21 |i 3754715 |o 332.6 GAR 2001 |p 3754715 |r 2025-01-15 |w 2019-11-21 |y BK_R |k COM | ||
| 952 | |0 0 |1 0 |4 0 |6 332_600000000000000_GAR_2001 |7 0 |8 R |9 351754 |a BIBGIM |b BIBGIM |d 2019-11-21 |i 3754723 |o 332.6 GAR 2001 |p 3754723 |r 2025-01-15 |w 2019-11-21 |y BK_R |k COM | ||
| 952 | |0 0 |1 0 |4 0 |6 332_600000000000000_GAR_2001 |7 0 |8 R |9 351755 |a BIBGIM |b BIBGIM |d 2019-11-21 |i 3878015 |o 332.6 GAR 2001 |p 3878015 |r 2025-01-15 |w 2019-11-21 |y BK_R |k COM | ||
| 952 | |0 0 |1 0 |4 0 |6 332_600000000000000_GAR_2001 |7 0 |8 R |9 351756 |a BIBGIM |b BIBGIM |d 2019-11-21 |i 3878023 |o 332.6 GAR 2001 |p 3878023 |r 2025-01-15 |w 2019-11-21 |y BK_R |k COM | ||
| 952 | |0 0 |1 0 |4 0 |6 332_600000000000000_GAR_2001 |7 0 |8 R |9 351757 |a BIBGIM |b BIBGIM |d 2019-11-21 |i 3920240 |o 332.6 GAR 2001 |p 3920240 |r 2025-01-15 |w 2019-11-21 |y BK_R |k COM | ||
| 952 | |0 0 |1 0 |4 0 |6 332_600000000000000_GAR_2001 |7 0 |8 R |9 351758 |a BIBGIM |b BIBGIM |d 2019-11-21 |i 3920259 |o 332.6 GAR 2001 |p 3920259 |r 2025-01-15 |w 2019-11-21 |y BK_R |k COM | ||
| 952 | |0 0 |1 0 |4 0 |6 332_600000000000000_GAR_2001 |7 0 |8 R |9 351759 |a BIBGIM |b BIBGIM |d 2019-11-21 |i 3920267 |o 332.6 GAR 2001 |p 3920267 |r 2025-01-15 |w 2019-11-21 |y BK_R |k COM | ||
| 952 | |0 0 |1 0 |4 0 |6 332_600000000000000_GAR_2001 |7 0 |8 R |9 351760 |a BIBGIM |b BIBGIM |d 2019-11-21 |i 3920275 |o 332.6 GAR 2001 |p 3920275 |r 2025-01-15 |w 2019-11-21 |y BK_R |k COM | ||
| 952 | |0 0 |1 0 |4 0 |6 332_600000000000000_GAR_2001 |7 0 |8 R |9 351761 |a BIBGIM |b BIBGIM |d 2019-11-21 |i 3920283 |o 332.6 GAR 2001 |p 3920283 |r 2025-01-15 |w 2019-11-21 |y BK_R |k COM | ||
| 952 | |0 0 |1 0 |4 0 |6 332_600000000000000_GAR_2001 |7 0 |8 R |9 351762 |a BIBGIM |b BIBGIM |d 2019-11-21 |i 3920305 |o 332.6 GAR 2001 |p 3920305 |r 2025-01-15 |w 2019-11-21 |y BK_R |k COM | ||